Origin of life (Record no. 7066)

MARC details
000 -LEADER
fixed length control field 00780nam a2200205Ia 4500
003 - CONTROL NUMBER IDENTIFIER
control field IN-BaIIA
008 - FIXED-LENGTH DATA ELEMENTS--GENERAL INFORMATION
fixed length control field 211028s9999 xx 000 0 eng d
020 ## - INTERNATIONAL STANDARD BOOK NUMBER
International Standard Book Number 90-277-1229-8
040 ## - CATALOGING SOURCE
Transcribing agency IIA Library
080 ## - UNIVERSAL DECIMAL CLASSIFICATION NUMBER
Universal Decimal Classification number 52-37
Item number ORI
111 ## - MAIN ENTRY--MEETING NAME
Meeting name or jurisdiction name as entry element ISSOL Meeting and the Sixth ICOL Meeting Jerusalem
Number of part/section/meeting 3rd
Date of meeting or treaty signing 1980 June 22-27
9 (RLIN) 12091
245 #0 - TITLE STATEMENT
Title Origin of life
Remainder of title proceedings of the third ISSOL meeting and the sixth ICOL meeting Jerusalem, June 22-27, 1980
Statement of responsibility, etc. edited by Yecheskel Wolman
260 ## - PUBLICATION, DISTRIBUTION, ETC.
Place of publication, distribution, etc. Dordrecht
Name of publisher, distributor, etc. D. Reidel Publishing
Date of publication, distribution, etc. 1981
300 ## - PHYSICAL DESCRIPTION
Extent xv, 613p.
650 ## - SUBJECT ADDED ENTRY--TOPICAL TERM
Topical term or geographic name entry element Astronomy and Astrophysics thesaurus
650 ## - SUBJECT ADDED ENTRY--TOPICAL TERM
Topical term or geographic name entry element Extraterrestrial life
9 (RLIN) 4250
650 ## - SUBJECT ADDED ENTRY--TOPICAL TERM
Topical term or geographic name entry element Origin of life
9 (RLIN) 3519
700 ## - ADDED ENTRY--PERSONAL NAME
Personal name Wolman, Yecheske.,l. ed.
9 (RLIN) 12092
942 ## - ADDED ENTRY ELEMENTS (KOHA)
Koha item type Books
Holdings
Withdrawn status Lost status Damaged status Not for loan Home library Current library Shelving location Date acquired Cost, normal purchase price Total Checkouts Full call number Barcode Date last seen Cost, replacement price Price effective from Koha item type Purchase Price
        IIA Library-Bangalore IIA Library-Bangalore General Stacks 10/05/1982 491.40   52-37/ ORI 7846 05/11/2021 491.40 10/05/1982 Books Rs. 491.40

Powered by Koha